HUMAN RELATIONS AND ORGANISATIONAL BEHAVR (Record no. 9013)

MARC details
000 -LEADER
fixed length control field 00594nam a22001577a 4500
003 - CONTROL NUMBER IDENTIFIER
control field SGT
020 ## - INTERNATIONAL STANDARD BOOK NUMBER
International Standard Book Number 8176292737
082 ## - DEWEY DECIMAL CLASSIFICATION NUMBER
Classification number 658.3,SIN
100 ## - MAIN ENTRY--PERSONAL NAME
Personal name SINGH, NIRMAL
245 ## - TITLE STATEMENT
Title HUMAN RELATIONS AND ORGANISATIONAL BEHAVR
260 ## - PUBLICATION, DISTRIBUTION, ETC. (IMPRINT)
Place of publication, distribution, etc NEW DELHI
Name of publisher, distributor, etc DEEP & DEEP PUBLICATIONS PVT. LTD
300 ## - PAGE DESCRIPTION
No. of Pages 460
650 ## - SUBJECT ADDED ENTRY--TOPICAL TERM
Topical term or geographic name as entry element MANAGEMENT
653 ## - KEYWORDS--INDEX TERM
Keyword term THE HAWTHORNE STUDIES, UNDERSTANDING HUMAN RELATIONS,HUMAN RELATIONS ALL DIMENSIONAL IMPORTANCE AND VALUES, MOTIVATION MOTVATION THEORIES AND THEIR APPLICABILITY, MOTIVATIONAND MORALE, HUMAN RELATIONS TOOLS METHODS AND TECHNIQUES
942 ## - ADDED ENTRY ELEMENTS (KOHA)
Source of classification or shelving scheme Dewey Decimal Classification
Koha item type FCM Books
942 ## - ADDED ENTRY ELEMENTS (KOHA)
-- 3
Holdings
Withdrawn status Lost status Source of classification or shelving scheme Damaged status Not for loan Collection code Home library Current library Shelving location Date acquired Vendor Name Cost, normal purchase price SGTU Total Checkouts Full call number Accession No. (Barcode) Date last seen Date last borrowed Bill Date Koha item type
    Dewey Decimal Classification     COMMERCE MANAGEMENT SGT Science & Social Sciences Library SGT Science & Social Sciences Library Text Book 14/06/2016 GIFT 350.00 SGTU 10 658.3,SIN CM345 16/04/2026 10/03/2026 14/06/2016 FCM Books